000 01152nam0a22003011 4500
001 v19\rc\1722582
005 20061002172435.7
035 _a(NLR Aleph) 004819902
090 _a5008029
_c5008029
100 _a20061002e19011901|||y0rusy50 ca
101 0 _arus
102 _aRU
105 _ay z |||||
200 1 _aПо поводу лечения раковых больных сывороткою
_eСообщено в заседании О-ва рус. врачей, 26 апр. 1901 г.
_f[Соч.] Д-ра Г. Влаева
210 _a[Санкт-Петербург]
_cтип. Стасюлевича
_dценз. 1901
215 _a7 с.
_d21
309 _aБез тит. л. и обл.
311 _aОтд. отт. из "Больничн. газ Боткина" за 1901 г.
488 0 _12001#$aБольничная газета Боткина$v1901
700 1 _aВлаев
_bГ. М.
_f1864-
_gГеоргий Минаевич
801 0 _aRU
_bNLR
_gpsbo
801 0 _aRU
_bRuMoRGB
_2psbo
801 1 _aRU
_bProSoft-M
_2rusmarc
852 _aNLR
_j34.87.6.155
899 _aRuMoRGB
_jP 76/204
899 _aБАН
942 _cBOOK
980 _aNB